LEADER 01177nam a2200277 u 4500 001 000000035903 003 CaOOAMICUS 005 20070226112635.0 008 980316s1973 it u000 u ita u 035 $a10785886 040 $aPUL(R)$bita 100 1 $aUccella, Fulvio.$0(OLS)http://pul/name/27329 245 13$aLe conferenze episcopali in diritto canonico /$cFulvio Uccella. 260 $aNapoli :$bE. Jovine,$c1973. 300 $axxiii, 240 p. ;$c24 cm 490 1 $aPubblicazioni della Facoltà giuridica dell'Università di Napoli ;$v138 500 $aInclude indici. 504 $aBibliografia in nota a pie' pagina. 650 4$aDiritto canonico.$0(OLS)http://pul/subject/1294 830 0$aPubblicazioni della Facoltà giuridica dell'Università di Napoli ;$v138.$0(OLS)http://pul/title/1210 850 $aPUL 852 $aPUL$W1$xSL Diritto Canonico 1$y5$m150 H 2$j49204$nBK-PRI$b $qStampati$B49204$CPULBib$Z2$F49204 $H $81 941 1 $a8 961 $aINV: 47086 996 $6245$aLe conferenze episcopali in diritto canonico$9(OLS)http://pul/title/49240 996 $6260$aNapoli :$bE. Jovine$9(OLS)http://pul/publisher/62685 LEADER 01363nam a2200277 a 4500 001 000000145391 003 CaOOAMICUS 005 20150902135719.0 008 150902s1987 it u000 u ita r 020 $a88-85926-02-9 040 $aPUL$bita 100 1 $aFallico, Antonio.$0(OLS)http://pul/name/40378 245 10$aParrocchia missionaria nel quartiere :$bcome rinnovare la parrocchia in "comunione di comunità": il ruolo delle comunità ecclesiali di base /$cAntonio Fallico ; lettera di presentazione di S.E. Card. Carlo Maria Martini. 250 $a2. ed. 260 $aCatania :$bChiesa-Mondo,$c1987. 300 $a270 p. ;$c21 cm 504 $aBibliografia p. 255-264. 650 4$aParrocchie.$0(OLS)http://pul/subject/16866 700 1 $aMartini, Carlo Maria,$ccardinale, arcivescovo di Milano,$d1927-2012.$0(OLS)http://pul/name/6653 850 $aPUL 852 $aPUL$W1$xDP1 Fondo S. Lanza$y121$m3 N 45$j168136$qFondi$B168717$CPULBib$Z2$F168717 $HLan1186 $82 941 1 $a1 996 $6020$a88-85926-02-9$9(OLS)http://pul/number/158453 996 $6245$aParrocchia missionaria nel quartiere :$bcome rinnovare la parrocchia in "comunione di comunità": il ruolo delle comunità ecclesiali di base$9(OLS)http://pul/title/183857 996 $6260$aCatania :$bChiesa-Mondo$9(OLS)http://pul/publisher/78595